Veda sa nezaobíde bez podpory štátu

Transformácia a orientácia činnosti SAV do budúcnosti po r. 1989. Snaha o čo najrýchlejší prenos poznatkov z výskumných centier do praxe. Informácie o SAV a jej činnosti. Centrá výskumu. Priority výskumu. Internacionalizácia výskumu.

Salvato in:
Dettagli Bibliografici
Autore principale: Slezák, Ján
Natura: Capitolo di libro
Lingua:slovacco
Soggetti:
Tags: Aggiungi Tag
Nessun Tag, puoi essere il primo ad aggiungerne!!

MARC

LEADER 00000naa a2200000 4500
001 r048893
005 20230927091629.3
041 0 |a slo 
044 |a SK 
245 1 0 |a Veda sa nezaobíde bez podpory štátu  |c Ján Slezák 
520 |a Transformácia a orientácia činnosti SAV do budúcnosti po r. 1989. Snaha o čo najrýchlejší prenos poznatkov z výskumných centier do praxe. Informácie o SAV a jej činnosti. Centrá výskumu. Priority výskumu. Internacionalizácia výskumu. 
610 2 0 |a veda 
610 2 0 |a výskum 
610 2 0 |a transformácia 
610 2 0 |a internacionalizácia 
610 2 0 |a SAV Bratislava 
610 2 0 |a podpory 
610 2 0 |a štát 
100 1 |a Slezák, Ján